Tournois ATP - Statistiques

Statistiques générales
  • Ce quiz a été pris 235 fois
  • Le résultat moyen est 38 sur 64
Statistiques - réponses
Mois Surface Tournoi % Correct
Juillet Gazon Wimbledon
96%
Mai Terre battue Rome
93%
Terre battue Madrid
92%
Terre battue Roland-Garros
92%
Dur US Open
91%
Terre battue Barcelone
90%
Dur Open d'Australie
88%
Dur Miami
85%
Gazon Queen's
85%
Dur Marseille
83%
Terre battue Monte-Carlo
83%
Mars Dur Indian Wells
80%
Dur Pékin
80%
Terre battue Rio de Janeiro
80%
Dur Tokyo
80%
Terre battue Buenos Aires
78%
Dur Cincinnati
78%
Gazon Halle
76%
Terre battue Lyon
76%
Dur Metz
76%
Dur Paris-Bercy
75%
Dur Montpellier
74%
Dur Bâle
69%
Dur Doha
68%
Dur Dubaï
68%
Terre battue Santiago
68%
Terre battue Hambourg
67%
Dur Auckland
66%
Dur Vienne
66%
Octobre Dur Shangai
64%
Dur Acapulco
62%
Dur Adelaide
62%
Janvier Dur Brisbane
62%
Dur Rotterdam
62%
Terre battue Munich
61%
Terre battue Genève
59%
Dur Stockholm
59%
Dur Washington
55%
Novembre Terre battue Belgrade
54%
Dur Hong Kong
52%
Gazon Stuttgart
52%
Terre battue Marrakech
50%
Dur Dallas
48%
Gazon Majorque
48%
Dur Anvers
44%
Avril Terre battue Estoril
43%
Terre battue Houston
41%
Terre battue Bucarest
39%
Terre battue Gstaad
39%
Gazon Newport
38%
Août Dur Open du Canada
38%
Dur Delray Beach
36%
Gazon Eastbourne
36%
Terre battue Bastad
33%
Juin Gazon 's-Hertogenbosch
33%
Dur Winston Salem
32%
Dur Atlanta
29%
Février Terre battue Cordoba
29%
Terre battue Umag
29%
Dur Almaty
26%
Septembre Dur Chengdu
24%
Terre battue Kitzbühel
24%
Dur Los Cabos
24%
Dur Hangzhou
20%
Aucun quiz correspondant
Distribution des résultats
% des personnes avec chaque résultat
Percentile par nombre de réponses
Votre historique - résultats
Vous n’avez pas pris ce quiz